00973nam a22001817a 4500003000400000005001700004008004100021020001500062040001000077100003800087245003900125250001100164260003500175300001100210490003800221520047900259650005300738OSt20231214090830.0231211s2004 ag ||||| |||| 00| f spa d a8497592506 cbesoc aAllende, Isabel,d(1943-),eautor10aRetrato en sepia /cIsabel Allende a4a ed. aBarcelona :bDebolsillo,c2004 a363 p.0 aBiblioteca contemporánea ;v168 aEn el Chile del siglo XIX, Aurora del Valle sufre un trauma brutal que borra de su mente los primeros cinco años de su vida. Criada por su ambiciosa abuela, Paulina del Valle, crece en un ambiente privilegiado, libre de muchas de las limitaciones que oprimen a las mujeres de su época pero atormentada por horribles pesadillas. Cuando debe afrontar la traición del hombre al que ama y la soledad, Aurora decide explorar el misterio de su pasado. [Nota del editor] 4aLiteratura chilenavNovela históricaySiglo XX